| 000 | 00534nam a2200181Ia 4500 | ||
|---|---|---|---|
| 008 | 151018s9999 xx 000 0 und d | ||
| 082 |
_bRBASDV57796 _a891.461 |
||
| 100 | _aमंगेश पाडगांवकर | ||
| 245 | _aशब्द | ||
| 250 | _b2 | ||
| 260 |
_bपुणे प्रकाशन _c2011 |
||
| 300 | _a94 | ||
| 600 | _aमंगेश पाडगांवकर | ||
| 630 | _aशब्द | ||
| 700 | _aमंगेश पाडगांवकर | ||
| 730 | _aशब्द | ||
| 942 | _cBOOK | ||
| 999 |
_c1053061 _d1053058 |
||